000 00778cam a2200253 a 4500
001 60052
005 20260318142234.0
008 160331s2015 ck gr 000 fdspa
020 _a9789584271563
040 _aCO-BoBN
_bspa
_cCO-BoBN
_erda
082 0 4 _aCo863.64
_bR934p
_223
084 _aN RUI6
100 1 _aRuíz Zafón, Carlos,
_d1964-2020
_eautor
_951956
245 1 3 _aEl principe de la niebla /
_cCarlos Ruiz Zafón
250 _aCuarta edición
264 1 _aBogotá
_bEditoria Planeta
_c2025
300 _a232 páginas
_c19 cm
336 _atexto
_btxt
_2rdacontenido
337 _asin mediación
_bn
_2rdamedio
338 _avolumen
_bnc
_2rdasoporte
490 0 _aPlaneta lector. Contemporáneo
650 1 4 _aNovela española
_ySiglo XX
_2LEMB
_9562
942 _cBKLIT
999 _c60052
_d60052